000 00931nac a22002897a 4500
001 BR7310972
003 BR-BrBNA
005 20240105113626.0
008 230509b bl.|||m| |||| 00| 0 por d
040 _aBR-BrBNA
_bpor
_cBiblioteca Nacional de Agricultura
072 _aE15
090 _a3735 BR7310972
110 1 _aComissao Executiva do Sal, Rio de Janeiro, RJ (Brasil)
_92152
245 1 _aPrograma de pesquisas tecnologicas e programa de estudos tecno-economicos [sal, estatistica de producao, Brasil]
260 3 _aRio de Janeiro, RJ (Brasil):
_c1973.
300 _a36 p.
490 _aBoletim - Comissao Executiva do Sal (Brazil)
_vno. 7
_x
500 _aNumerical data
650 _aINDUSTRIA
650 _aSAL
650 _aSALINA
650 _aTEMPERATURA
650 _aUMIDADE RELATIVA
650 _aESTATISTICA DE PRODUCAO
909 _a202312
_bLúcia Elande
_c55
_dLúcia Elande
942 _2AGRIS
_n0
_cMS
999 _c264711
_d264711